000 00875nam0a22002531 4500
001 rc\941593
005 20260405120535.0
035 _a(NLR Aleph) 006114060
090 _a5390215
_c5390215
100 _a20041129d1982 |||y0rusy50 ca
101 0 _arus
102 _aRU
105 _aa |||||||||
200 1 _aМашины на нашей улице
_e[Для дошк. возраста]
_f[Худож. А. Беслик]
210 _aМ.
_cМалыш
_d1982
215 _a1 л. цв. ил. слож. в [10] с.
_d24
700 1 _7ca
_8rus
_aИльин
_bМ.
_cписатель
_f1895-1953
_9123753
_3RU\NLR\AUTH\7714075
701 1 _8rus
_7ca
_aСегал
_bЕ.А.
_gЕлена Александровна
_f1905-1980
_3RU\NLR\AUTH\7746713
_929648
801 0 _aRU
_bNLR
_gpsbo
801 1 _aRU
_bELAR
_2rusmarc
852 _aNLR
_j82-7/1504
942 _cBOOK
980 _aNB